000 00798cam a22002651 4500
999 _c53143
_d53143
001 10260386
003 ARRUPE
005 20170703115209.0
008 740604s1954 wiu 000 0 eng
010 _a 54009092
035 _a(OCoLC)907400
040 _aDLC
_cOClU
_dOCoLC
_dTNJ
_dDLC
042 _apremarc
050 0 0 _aB791
_b.C58
082 _a190
100 1 _aCollins, James Daniel.
_932725
245 0 2 _aA history of modern European philosophy.
260 _aMilwaukee,
_bBruce Pub. Co.
_c[1954]
300 _a854p.
_c23cm.
650 0 _aPhilosophy, Modern
_932727
740 0 _aModern European philosophy.
906 _a7
_bcbc
_coclcrpl
_du
_encip
_f19
_gy-gencatlg
942 _2lcc
_cMONOGRAPH